| 000 | 00928nam a22002177a 4500 | ||
|---|---|---|---|
| 005 | 20120501135451.0 | ||
| 010 | _a | ||
| 020 |
_a 8179650952 _c350.00 |
||
| 035 | _aB-195202 | ||
| 037 | _bPUB | ||
| 082 | _a420 | ||
| 100 |
_aभाटिया, कैलाशचन्द्र _946128 |
||
| 245 |
_aव्यावहारिक हिन्दी प्रक्रिया और स्वरूप / _cकैलाशचन्द्र भाटिया |
||
| 260 |
_aनई दिल्ली _bतक्षशिला प्रकाशन _c |
||
| 270 |
_a _b _e _k |
||
| 300 |
_a276पृ. _c22सेमी (सजिल्द) |
||
| 650 |
_a _x _946129 |
||
| 700 |
_aकौशिक, ओमप्रकाश _945986 |
||
| 942 |
_2ddc _cHN _mभाटिया _h420 |
||
| 999 |
_c65901 _d65901 |
||